000 00680nam a22002057a 4500
005 20251108175332.0
008 250721s2015 xx 000 0 ara d
082 1 4 _a956.405/عزو
100 1 _aالعزوبي، اسعد علي
245 1 0 _aالإنتفاضة الثورة الطريق إلى الدولة ... غير سالك ؟ /
264 1 _aعمان :
_bدار دجلة،
_c2015.
300 _a659 ص.
650 1 7 _aالإنتفاضة الفلسطينية 1987-
650 1 7 _aمقاومة الإحتلال
650 1 7 _aفلسطين
650 1 7 _aالتاريخ
653 _aالإنتفاضة الفلسطينية 1967-
942 _2ddc
_cBK
999 _c131707
_d131707